| 000 | 00584nam a2200181 i 4500 | ||
|---|---|---|---|
| 001 | 111146 | ||
| 003 | ES-MaACL | ||
| 005 | 20251013211836.0 | ||
| 007 | t| | ||
| 008 | 061121s1908 fr r ||||1| fre d | ||
| 100 | 1 |
_aNayrac, Jean Paul. _9213911 |
|
| 245 | 1 | 3 |
_aLa Fontaine _b: ses facultés psychiques, sa philosophie, sa psychologie, sa mentalité, son caractere / _cpar Jean-Paul Nayrac. |
| 260 |
_aParis : _bPaulin, _c1908. |
||
| 300 |
_a250 p. ; _c23 x 14 cm. |
||
| 600 | 1 | 4 |
_aLa Fontaine, Jean de, _d1621-1695 _969147 |
| 852 |
_aES-MaACL _jB-1265 |
||
| 999 |
_c111146 _d111146 |
||